| 000 | 00312nam a22001217a 4500 | ||
|---|---|---|---|
| 082 |
_a297.30685 _bKHU _cD |
||
| 245 |
_aFamily life in Islam _cKhurshid Ahmed |
||
| 260 |
_aIslamabad: _bDa Wah academy _c1999 |
||
| 300 | _a32p. | ||
| 526 |
_a0 _b0 _c0 _d297_306850000000000_KHU |
||
| 650 |
_aMCE _9379 |
||
| 942 |
_2ddc _cBK |
||
| 999 |
_c542360 _d542360 |
||